000 00615nam a2200193 a 4500
001 33459
005 20180714001359.0
008 140415s1994 000 0 spa d
020 _a8475836577
041 _aspa
082 _a658
_bFIN
100 1 _aWISSEMA, J. G.
245 1 0 _aDIRECCION DE EMPRESAS DESCENTRALIZADAS LOS MEJORES EJEM- :
_bPLOS DE CENTROS DE NEGOCIO DESCENTRALIZADOS ORIENTADOS...
260 _a[s.l.] :
_bFOLIO,
_c1994
300 _a279
490 _aFINANCIAL TIMES
_v11 BIBLIOTECA DE EMPRESA
650 1 4 _aADMINISTRACION DE EMPRESAS
700 1 _aVOGTLANDER, P. H.
_eprĂ³l.
999 _c33459
_d33459